[Event "BRA-ch sf"]
[Site "Brasilia"]
[Date "2011.10.29"]
[Round "1"]
[White "Figueiredo, Wagner Primo Jr"]
[Black "Cunha, Lucas Aguiar"]
[Result "0-1"]
[WhiteElo "1700"]
[BlackElo "2157"]
[PlyCount "56"]
[EventDate "2011.10.29"]
[EventType "swiss"]
[EventRounds "8"]
[EventCountry "BRA"]
[SourceTitle "EXT 2012"]
[Source "ChessBase"]
[SourceDate "2011.11.24"]
[SourceVersion "1"]
[SourceVersionDate "2011.11.24"]
[SourceQuality "1"]

1. e4 c5 2. Nf3 a6 3. c4 d6 4. Nc3 Nf6 5. d4 cxd4 6. Nxd4 e6 7. Bg5 Be7 8. Be2 Qa5 9. Qa4+ Qxa4 10. Nxa4 Nxe4 11. Bxe7 Kxe7 12. f3 Nf6 13. b4 Nbd7 14. Rc1 a5 15. c5 axb4 16. cxd6+ Kxd6 17. Nb5+ Ke7 18. Bd1 Nd5 19. 0-0 Ne3 20. Bb3 Nxf1 21. Kxf1 b6 22. Rc7 Ba6 23. Bc4 Rhc8 24. Rxd7+ Kxd7 25. Nxb6+ Ke7 26. Be2 Bxb5 27. Bxb5 Rc1+ 28. Ke2 Rb8 0-1

[Event "BRA-ch Amateur"]
[Site "Brasilia"]
[Date "2011.04.27"]
[Round "1.3"]
[White "Figueiredo, Wagner Primo Jr"]
[Black "Barbosa, Edinardo Meireles"]
[Result "1-0"]
[WhiteElo "1721"]
[BlackElo "1815"]
[PlyCount "71"]
[EventDate "2011.04.25"]
[EventType "tourn"]
[EventRounds "9"]
[EventCountry "BRA"]
[SourceTitle "EXT 2022"]
[Source "ChessBase"]
[SourceDate "2021.10.06"]
[SourceVersion "1"]
[SourceVersionDate "2021.10.06"]
[SourceQuality "1"]

1. e4 e6 2. d4 d5 3. exd5 exd5 4. Bd3 Bd6 5. h3 Nf6 6. Nf3 Nbd7 7. 0-0 0-0 8. Bg5 h6 9. Bh4 c6 10. Nbd2 Qc7 11. c4 b6 12. cxd5 Nxd5 13. Ne4 Be7 14. Bg3 Qd8 15. a3 N7f6 16. Ne5 Bb7 17. Rc1 Rc8 18. Qa4 Nd7 19. Nxc6 Bxc6 20. Rxc6 f5 21. Rxc8 Qxc8 22. Nd6 Bxd6 23. Bxd6 Rf7 24. Bc4 N7f6 25. Be5 Rd7 26. Bxf6 gxf6 27. Re1 Kg7 28. h4 Nf4 29. d5 Rc7 30. b3 a6 31. d6 b5 32. Qb4 bxc4 33. dxc7 Qa8 34. Qe7+ Kg6 35. Qe8+ Qxe8 36. Rxe8 1-0

[Event "Brazil Xadrez Brasil op"]
[Site "Brazil"]
[Date "2010.11.12"]
[Round "1"]
[White "Figueiredo, Wagner Primo Jr"]
[Black "Rezende, Guilherme Vilela"]
[Result "0-1"]
[WhiteElo "1588"]
[BlackElo "1980"]
[PlyCount "92"]
[EventDate "2010.11.12"]
[EventType "swiss"]
[EventRounds "7"]
[EventCountry "BRA"]
[SourceTitle "EXT 2013"]
[Source "ChessBase"]
[SourceDate "2012.11.22"]
[SourceVersion "1"]
[SourceVersionDate "2012.11.22"]
[SourceQuality "1"]

1. e4 c5 2. Nf3 e6 3. c4 Nc6 4. d4 cxd4 5. Nxd4 Nf6 6. Nxc6 bxc6 7. Bd3 d5 8. cxd5 cxd5 9. e5 Nd7 10. Qa4 Qc7 11. 0-0 Qxe5 12. Nd2 Qb8 13. Nf3 Qb4 14. Bc2 Qxa4 15. Bxa4 Bd6 16. Nd4 0-0 17. Be3 Ne5 18. b3 Ng4 19. g3 Nxe3 20. fxe3 Ba6 21. Rfe1 Bb4 22. Red1 Rfc8 23. Nc6 Bc5 24. Kf2 Kf8 25. b4 Bb6 26. b5 Bb7 27. Rac1 f6 28. Ke2 a6 29. Rc2 axb5 30. Bxb5 Ba6 31. a4 Bxb5+ 32. axb5 Ra3 33. Rd3 Rca8 34. Kd2 Rxd3+ 35. Kxd3 Ra3+ 36. Rc3 Rxc3+ 37. Kxc3 Bxe3 38. Nd4 Bxd4+ 39. Kxd4 Ke7 40. Kc5 Kd7 41. g4 Kc7 42. h4 Kb7 43. h5 h6 44. b6 Kb8 45. Kd4 Kc8 46. Kc5 Kb7 0-1

[Event "BRA XER-S-0011 email"]
[Site "CXEB email"]
[Date "2008.01.19"]
[Round "1"]
[White "Figueiredo, Wagner Primo Jr"]
[Black "Morais, Carlos Rodr N"]
[Result "1-0"]
[WhiteElo "2000"]
[BlackElo "2000"]
[PlyCount "119"]
[EventDate "2008.??.??"]
[EventType "tourn (corr)"]
[EventRounds "5"]
[EventCountry "BRA"]
[SourceTitle "Corr 2011"]
[Source "ChessBase"]
[SourceDate "2010.08.31"]
[SourceVersion "1"]
[SourceVersionDate "2010.08.31"]
[SourceQuality "1"]

1. e4 c6 2. d4 d5 3. e5 Bf5 4. Bd3 Bxd3 5. Qxd3 e6 6. Nf3 Qa5+ 7. c3 Qa6 8. Qxa6 Nxa6 9. 0-0 Ne7 10. Nbd2 Nf5 11. Nb3 Be7 12. Ng5 0-0 13. f4 c5 14. Rf3 h6 15. Nh3 cxd4 16. Nxd4 Nxd4 17. cxd4 Rac8 18. Rc3 Rxc3 19. bxc3 Rc8 20. Bb2 Nc7 21. Nf2 Nb5 22. Rc1 Na3 23. Nd1 Nc4 24. Rb1 b5 25. Kf2 a6 26. Ne3 Nxb2 27. Rxb2 Rxc3 28. Ke2 f5 29. g3 Kf7 30. Kd2 Rc6 31. h3 b4 32. g4 fxg4 33. hxg4 a5 34. f5 Bg5 35. Ke2 Rc3 36. Rb3 Rc1 37. a3 Ra1 38. axb4 a4 39. Rc3 Rb1 40. Nc2 Rb2 41. Kd3 Be7 42. Rc7 Rb3+ 43. Ke2 Rb2 44. Kd3 Rb3+ 45. Kd2 a3 46. b5 a2 47. Ra7 Rxb5 48. Rxa2 Bg5+ 49. Ke2 Rb3 50. Ra7+ Kg8 51. fxe6 Kf8 52. Rd7 Rb6 53. Rxd5 Rxe6 54. Rc5 Be7 55. Rc8+ Kf7 56. Kf3 Kg6 57. Ne3 Ra6 58. Ke4 Ra3 59. Nf5 Bg5 60. Rc7 1-0

[Event "BRA XER-S-0011 email"]
[Site "CXEB email"]
[Date "2008.01.19"]
[Round "1"]
[White "Figueiredo, Wagner Primo Jr"]
[Black "Sobrinho, Lauro MPM"]
[Result "0-1"]
[WhiteElo "2000"]
[BlackElo "2000"]
[PlyCount "64"]
[EventDate "2008.??.??"]
[EventType "tourn (corr)"]
[EventRounds "5"]
[EventCountry "BRA"]
[SourceTitle "Corr 2011"]
[Source "ChessBase"]
[SourceDate "2010.08.31"]
[SourceVersion "1"]
[SourceVersionDate "2010.08.31"]
[SourceQuality "1"]

1. c4 Nf6 2. g3 e5 3. Bg2 c6 4. Nc3 d5 5. d4 exd4 6. Qxd4 Be6 7. cxd5 cxd5 8. Bg5 Be7 9. Nxd5 Bxd5 10. Bxd5 Qxd5 11. Nf3 Qxd4 12. Nxd4 Bb4+ 13. Kf1 Ne4 14. Be3 Nc6 15. Nb5 0-0 16. Nc7 Rac8 17. Nb5 a6 18. Nd4 Nxd4 19. Bxd4 Rfd8 20. Be3 Rc2 21. a3 Bc5 22. Bxc5 Nxc5 23. b4 Nb3 24. Re1 Rdd2 25. Kg2 g6 26. Rb1 Nd4 27. e3 Rxf2+ 28. Kh3 Nf3 29. b5 h5 30. g4 h4 31. g5 Rc4 32. bxa6 Nxg5# 0-1